000 01794nam0a2200313 4500
001 RU\NLR\bibl\1348168
005 20260405140036.0
010 _a978-5-7186-0382-8
_91000
021 _aRU
_b2009-5150
_9292
035 _a(NLR Aleph) 001333277
090 _a814035
_c814035
100 _a20090330d2008 |||y0rusy50 ca
101 0 _arus
_ager
102 _aRU
105 _aa |||||||||
200 1 _aСоциальная педагогика и социальная работа в Германии
_eучебное пособие для студентов вуза
_fН.Н. Сергеева, И.А. Ларионова
_gМ-во образования и науки Рос. Федерации, Федер. агентство по образованию, Гос. образоват. учреждение высш. проф. образования "Урал. гос. пед. ун-т"
210 _aЕкатеринбург
_cУральский государственный педагогический университет
_d2008
215 _a205 с.
_cил.
_d21
606 1 _aНемецкий язык
_xУчебные издания для социальных педагогов
_92571375
_3RU\NLR\auth\661520565
606 1 _aНемецкий язык
_xУчебные издания для социальных работников
_92538411
_3RU\NLR\auth\661503011
686 _aШ143.24-93рус329.51
686 _aШ143.24-93рус329.9
700 1 _4070
_8rus
_7ca
_aСергеева
_bН. Н.
_cд-р пед. наук
_gНаталья Николаевна
_3RU\NLR\auth\7756344
_939276
701 1 _aЛарионова
_bИ. А.
_gИрина Анатольевна
_4070
801 0 _aRU
_bNLR
_c20090330
_gRCR
801 1 _aRU
_bNLR
_c20090330
942 _cBOOK
980 _aNB